| 000 | 01329 a2200253 4500 | ||
|---|---|---|---|
| 005 | 20080903170938.0 | ||
| 008 | 080903t xxu||||| |||| 00| 0 hin d | ||
| 010 | _aHIN-78944 B-356880 | ||
| 020 |
_a8190266993 _c100.00 |
||
| 035 | _aHN-51290 | ||
| 035 | _a B-356880 | ||
| 037 | _bD. B. Act. / pub | ||
| 082 | _aउ | ||
| 100 | _aवाशिष्ठ ,सावित्री | ||
| 245 |
_aहजार बरस की नीव _cसावित्री वशिष्ट |
||
| 246 |
_aHajar baras ki neev _bby Savitri Vashisht |
||
| 260 |
_aदिल्ली _bज्ञानोदय _c2007 |
||
| 270 |
_a1/6281, गली नं 3 पूर्वी रोहताश नगर , शाहदरा _bदिल्ली _e110032 _k27420386 |
||
| 300 |
_a61पृ _c22 सेमी (सजिल्द) |
||
| 942 |
_adpl _cHN _kउ / वशिष्ट _2ddc _hउ _mवशिष्ट |
||
| 999 |
_c1045 _d1045 |
||